[Event "GER-chB Seniors 27th"]
[White "Aufmwasser, Guenter"]
[Black "Weber, Gerhard"]
[Site "Magdeburg"]
[Round "6"]
[Result "1/2-1/2"]
[Date "2015.08.20"]
[WhiteElo "1685"]
[BlackElo "1830"]
[PlyCount "66"]
[EventDate "2015.08.15"]
[EventType "swiss"]
[EventRounds "9"]
[EventCountry "GER"]
[SourceTitle "EXT 2018"]
[Source "ChessBase"]
[SourceDate "2017.10.13"]
[SourceVersion "1"]
[SourceVersionDate "2017.10.13"]
[SourceQuality "1"]

1. f4 Nf6 2. Nf3 e6 3. e3 b6 4. b3 d5 5. Bb2 Nbd7 6. Be2 Bb7 7. 0-0 c5 8. Qe1 Be7 9. Bb5 0-0 10. Bxd7 Nxd7 11. Nc3 Ba6 12. d3 Bf6 13. Na4 Bxb2 14. Nxb2 Qf6 15. Rb1 Rfe8 16. Qg3 Rac8 17. Ne5 Nxe5 18. fxe5 Qg6 19. Qxg6 hxg6 20. Rf2 Re7 21. c4 dxc4 22. dxc4 Rd8 23. Rd1 Red7 24. Rff1 Bb7 25. Rxd7 Rxd7 26. Rd1 Rxd1+ 27. Nxd1 Kf8 28. Nc3 Bc6 29. Kf2 Ke7 30. g3 f6 31. e4 fxe5 32. g4 Kf6 33. h4 g5 1/2-1/2

[Event "GER-chB Seniors 27th"]
[White "Wittkugel, Friedhelm"]
[Black "Aufmwasser, Guenter"]
[Site "Magdeburg"]
[Round "1"]
[Result "1-0"]
[Date "2015.08.15"]
[WhiteElo "1913"]
[BlackElo "1685"]
[PlyCount "61"]
[EventDate "2015.08.15"]
[EventType "swiss"]
[EventRounds "9"]
[EventCountry "GER"]
[SourceTitle "EXT 2018"]
[Source "ChessBase"]
[SourceDate "2017.10.13"]
[SourceVersion "1"]
[SourceVersionDate "2017.10.13"]
[SourceQuality "1"]

1. d4 Nf6 2. c4 e5 3. d5 Bb4+ 4. Bd2 Bxd2+ 5. Qxd2 d6 6. Nc3 0-0 7. e4 Nbd7 8. Bd3 Nc5 9. Bc2 b6 10. b4 Nb7 11. Nge2 a5 12. Rb1 axb4 13. Rxb4 Nc5 14. 0-0 Ne8 15. f4 f6 16. f5 Bd7 17. Qe1 Qe7 18. Qh4 g6 19. fxg6 hxg6 20. a4 Qh7 21. Qg3 Ng7 22. Nb5 Nh5 23. Qe3 Bxb5 24. cxb5 f5 25. exf5 gxf5 26. Qg5+ Qg7 27. Qxh5 e4 28. Nd4 Rf6 29. Nxf5 Qh7 30. Qxh7+ Kxh7 31. Bxe4 1-0

[Event "Bayern-ch Seniors op 27th"]
[White "Aufmwasser, Guenter"]
[Black "Boldt, Heinrich"]
[Site "Bergen"]
[Round "6"]
[Result "0-1"]
[Date "2015.06.15"]
[WhiteElo "1494"]
[BlackElo "1682"]
[PlyCount "68"]
[EventDate "2015.06.15"]
[EventType "swiss"]
[EventRounds "9"]
[EventCountry "GER"]
[SourceTitle "EXT 2019"]
[Source "ChessBase"]
[SourceDate "2018.10.10"]
[SourceVersion "1"]
[SourceVersionDate "2018.10.10"]
[SourceQuality "1"]

1. f4 d5 2. Nf3 g6 3. d3 Nf6 4. c3 c5 5. Qc2 Nc6 6. e4 dxe4 7. dxe4 Bg7 8. Be2 0-0 9. 0-0 e6 10. Na3 a6 11. Be3 Nd7 12. Rad1 Qc7 13. Rd2 b5 14. Rfd1 Re8 15. Qc1 Rb8 16. Nc2 Ne7 17. Nfe1 Nf6 18. Bf3 Bb7 19. e5 Nfd5 20. g3 Nf5 21. Bf2 Rbd8 22. Bg2 Bf8 23. g4 Ng7 24. Re2 Nxf4 25. Red2 Rxd2 26. Qxd2 Nxg2 27. Nxg2 Qxe5 28. Bg3 Qd5 29. Nce3 Qxd2 30. Rxd2 Bc6 31. Nh4 Be7 32. Kf2 Rd8 33. Rxd8+ Bxd8 34. Bd6 Bxh4+ 0-1

[Event "Bayern-ch Seniors op 27th"]
[White "Schoenfelder, Heinrich"]
[Black "Aufmwasser, Guenter"]
[Site "Bergen"]
[Round "3"]
[Result "1-0"]
[Date "2015.06.15"]
[WhiteElo "1643"]
[BlackElo "1494"]
[PlyCount "101"]
[EventDate "2015.06.15"]
[EventType "swiss"]
[EventRounds "9"]
[EventCountry "GER"]
[SourceTitle "EXT 2019"]
[Source "ChessBase"]
[SourceDate "2018.10.10"]
[SourceVersion "1"]
[SourceVersionDate "2018.10.10"]
[SourceQuality "1"]

1. d4 f5 2. e4 fxe4 3. Nc3 Nf6 4. Bg5 Nc6 5. Bxf6 exf6 6. d5 Ne5 7. Nxe4 d6 8. Nc3 Be7 9. Be2 Bf5 10. Nf3 Nxf3+ 11. Bxf3 Qd7 12. Bh5+ g6 13. Be2 g5 14. Bb5 c6 15. dxc6 bxc6 16. Ba4 Qe6+ 17. Ne2 d5 18. 0-0 Qc8 19. Qxd5 Bd7 20. Qc4 c5 21. Bxd7+ Qxd7 22. Rad1 Qb7 23. b3 Rd8 24. Qa4+ Kf8 25. Rxd8+ Bxd8 26. Rd1 Ke7 27. Ng3 Qc8 28. Qxa7+ Qc7 29. Qxc7+ Bxc7 30. Rd5 Rd8 31. Rxd8 Bxd8 32. Kf1 Ke6 33. Ke2 f5 34. Kd3 Bc7 35. Nf1 Bb8 36. a4 h6 37. f3 Kd5 38. Ne3+ Ke5 39. Nc4+ Ke6 40. h3 Bc7 41. c3 h5 42. a5 Kd5 43. Ne3+ Ke5 44. a6 Bb8 45. Kc4 Kf4 46. Nf1 g4 47. fxg4 hxg4 48. hxg4 fxg4 49. Kxc5 Ba7+ 50. Kc6 Bg1 51. Kb7 1-0

[Event "Schleswig Holstein-ch Seniors op"]
[White "Graffenberger, Marianne"]
[Black "Aufmwasser, Guenter"]
[Site "Buesum"]
[Round "8"]
[Result "0-1"]
[Date "2014.10.02"]
[WhiteElo "1516"]
[BlackElo "1690"]
[PlyCount "98"]
[EventDate "2014.09.25"]
[EventType "swiss"]
[EventRounds "9"]
[EventCountry "GER"]
[SourceTitle "EXT 2018"]
[Source "ChessBase"]
[SourceDate "2017.10.13"]
[SourceVersion "1"]
[SourceVersionDate "2017.10.13"]
[SourceQuality "1"]

1. e4 e5 2. Nf3 d6 3. d4 Bg4 4. Be2 Nd7 5. h3 Bxf3 6. Bxf3 Be7 7. Nc3 c6 8. d5 Ngf6 9. Ne2 0-0 10. c4 Rc8 11. 0-0 Nc5 12. Ng3 cxd5 13. cxd5 Re8 14. Re1 g6 15. b4 Ncd7 16. Bg5 Bf8 17. Bg4 Bg7 18. Qd3 h6 19. Bxd7 Qxd7 20. Be3 a6 21. Rac1 b5 22. f3 Kh7 23. Rxc8 Rxc8 24. Qb1 Rc4 25. Rc1 Qc7 26. a3 h5 27. Ne2 Bh6 28. Bxh6 Kxh6 29. Rxc4 Qxc4 30. Qc1+ Qxc1+ 31. Nxc1 h4 32. Kf2 Nd7 33. Nd3 Nb6 34. Nb2 Kg5 35. Ke3 f5 36. Kd3 Kf4 37. exf5 gxf5 38. Ke2 Kg3 39. Kf1 Nxd5 40. Nd1 f4 41. Kg1 Ne3 42. Nf2 Nxg2 43. Ne4+ Kxf3 44. Nxd6 Ne3 45. Nb7 Nc4 46. Nc5 Nxa3 47. Nxa6 e4 48. Nc5 Nc2 49. Na6 e3 0-1

[Event "Schleswig Holstein-ch Seniors op"]
[White "Aufmwasser, Guenter"]
[Black "Duijker, Bert"]
[Site "Buesum"]
[Round "3"]
[Result "1/2-1/2"]
[Date "2014.09.27"]
[WhiteElo "1690"]
[BlackElo "1910"]
[PlyCount "109"]
[EventDate "2014.09.25"]
[EventType "swiss"]
[EventRounds "9"]
[EventCountry "GER"]
[SourceTitle "EXT 2018"]
[Source "ChessBase"]
[SourceDate "2017.10.13"]
[SourceVersion "1"]
[SourceVersionDate "2017.10.13"]
[SourceQuality "1"]

1. f4 g6 2. Nf3 Bg7 3. d3 d5 4. c3 c5 5. Qc2 Nc6 6. e4 e6 7. Be2 Nge7 8. 0-0 0-0 9. Nbd2 b6 10. Re1 Bb7 11. Nf1 Rc8 12. a3 a5 13. Ng3 Qc7 14. e5 Rfd8 15. Bd2 Qb8 16. Rac1 Ba6 17. Qb1 a4 18. Bd1 b5 19. Bc2 Qb6 20. Kh1 Na5 21. h4 Nb3 22. Bxb3 axb3 23. d4 c4 24. h5 Nf5 25. Nxf5 exf5 26. Re3 Rc6 27. Rce1 Bc8 28. Qd1 Bh6 29. Nh2 Bxf4 30. Rf3 Bxh2 31. Kxh2 Qc7 32. Bg5 f6 33. Bh6 g5 34. g3 g4 35. Rfe3 Qf7 36. Bf4 Qxh5+ 37. Kg1 Qf7 38. Qe2 Re8 39. Qf2 fxe5 40. Rxe5 Rxe5 41. Rxe5 Be6 42. Qh2 Rc8 43. Qe2 Re8 44. Qh2 Qg6 45. Qe2 Kf7 46. Qh2 Ke7 47. Qh4+ Kd7 48. Qh2 h5 49. Re1 Rh8 50. Qe2 Rd8 51. Qe5 Ke7 52. Qc7+ Rd7 53. Bd6+ Kf7 54. Qc8 Re7 55. Qc5 1/2-1/2

[Event "GER-chB Seniors 26th"]
[White "Aufmwasser, Guenter"]
[Black "Ludwig, Richard"]
[Site "Bad Neuenahr"]
[Round "8"]
[Result "1/2-1/2"]
[Date "2014.08.12"]
[WhiteElo "1725"]
[BlackElo "1671"]
[PlyCount "65"]
[EventDate "2014.08.05"]
[EventType "swiss"]
[EventRounds "9"]
[EventCountry "GER"]
[SourceTitle "EXT 2018"]
[Source "ChessBase"]
[SourceDate "2017.10.13"]
[SourceVersion "1"]
[SourceVersionDate "2017.10.13"]
[SourceQuality "1"]

1. f4 d5 2. Nf3 Nc6 3. e3 Nf6 4. b3 e6 5. Bb2 Be7 6. Bb5 0-0 7. Bxc6 bxc6 8. 0-0 Bd6 9. Ne5 Bb7 10. Qe1 Bxe5 11. fxe5 Nd7 12. Qg3 Ba6 13. d3 Rc8 14. Nd2 f6 15. Nf3 fxe5 16. Nxe5 Nxe5 17. Bxe5 Qd7 18. Rf4 Rxf4 19. Bxf4 Rf8 20. Rf1 Rf7 21. Be5 Rxf1+ 22. Kxf1 Qf7+ 23. Qf2 Qxf2+ 24. Kxf2 Bc8 25. Bxc7 a6 26. e4 Kf7 27. Ke3 Ke7 28. e5 Bd7 29. c4 Be8 30. Kd4 Kd7 31. Bd6 Kc8 32. c5 Kb7 33. b4 1/2-1/2

[Event "GER-chB Seniors 26th"]
[White "Stuiber, Ingeborg"]
[Black "Aufmwasser, Guenter"]
[Site "Bad Neuenahr"]
[Round "5"]
[Result "1/2-1/2"]
[Date "2014.08.09"]
[WhiteElo "1385"]
[BlackElo "1725"]
[PlyCount "131"]
[EventDate "2014.08.05"]
[EventType "swiss"]
[EventRounds "9"]
[EventCountry "GER"]
[SourceTitle "EXT 2018"]
[Source "ChessBase"]
[SourceDate "2017.10.13"]
[SourceVersion "1"]
[SourceVersionDate "2017.10.13"]
[SourceQuality "1"]

1. d4 Nf6 2. c4 e5 3. e3 Bb4+ 4. Bd2 Bxd2+ 5. Nxd2 exd4 6. exd4 b6 7. Qe2+ Qe7 8. Qxe7+ Kxe7 9. Ngf3 Bb7 10. Be2 Re8 11. 0-0 d6 12. Rfe1 Kf8 13. Bd3 Nbd7 14. Re2 Rxe2 15. Bxe2 Re8 16. Re1 a5 17. Kf1 h6 18. Bd3 g6 19. Rxe8+ Kxe8 20. Ke2 Nf8 21. g3 Ke7 22. Ke3 Ne6 23. h3 Bc8 24. Ne4 Nxe4 25. Bxe4 Ng7 26. g4 f5 27. gxf5 gxf5 28. Bc6 Kf6 29. h4 Ne6 30. Ng1 Nd8 31. Bg2 Ba6 32. b3 a4 33. f4 axb3 34. axb3 b5 35. c5 dxc5 36. dxc5 b4 37. Kd4 Ne6+ 38. Kd5 Nxf4+ 39. Kc6 Nxg2 40. Kxc7 Nf4 41. c6 Ne6+ 42. Kb6 Bd3 43. Nf3 Be4 44. Nd2 Kg6 45. Nc4 Bxc6 46. Kxc6 Nd4+ 47. Kc5 Nxb3+ 48. Kxb4 Nd4 49. Nd2 Kh5 50. Kc4 Ne6 51. Kd5 Ng7 52. Ke5 Kg4 53. Kf6 Ne8+ 54. Kg6 h5 55. Nf1 f4 56. Nh2+ Kg3 57. Nf1+ Kxh4 58. Kf5 f3 59. Kf4 f2 60. Kf3 Kh3 61. Kxf2 h4 62. Kf3 Nf6 63. Ne3 Kh2 64. Nf5 h3 65. Ng3 Nd7 66. Kf2 1/2-1/2

[Event "GER-chB Seniors 26th"]
[White "Wagner, Werner"]
[Black "Aufmwasser, Guenter"]
[Site "Bad Neuenahr"]
[Round "1"]
[Result "1-0"]
[Date "2014.08.05"]
[WhiteElo "1794"]
[BlackElo "1725"]
[PlyCount "60"]
[EventDate "2014.08.05"]
[EventType "swiss"]
[EventRounds "9"]
[EventCountry "GER"]
[SourceTitle "EXT 2018"]
[Source "ChessBase"]
[SourceDate "2017.10.13"]
[SourceVersion "1"]
[SourceVersionDate "2017.10.13"]
[SourceQuality "1"]

1. e4 d6 2. Nc3 Nf6 3. f4 g6 4. Nf3 Bg7 5. Bc4 Be6 6. Bxe6 fxe6 7. d3 Nbd7 8. Bd2 c6 9. Qc1 b5 10. Ne2 c5 11. 0-0 Nf8 12. Ng3 Kd7 13. c3 h6 14. Qe1 Nh5 15. Rd1 Qe8 16. Ne2 Rd8 17. e5 d5 18. g4 Rg8 19. b4 c4 20. dxc4 bxc4 21. Qf2 Kc8 22. Qxa7 Qc6 23. Ned4 Qb7 24. Qxb7+ Kxb7 25. a4 Bh8 26. gxh5 g5 27. Kf2 gxf4 28. Bxf4 Ra8 29. Rg1 Nd7 30. Rxg8 Rxg8 1-0

[Event "Hessen-ch Seniors op 10th"]
[White "Kolkwitz, Klaus"]
[Black "Aufmwasser, Guenter"]
[Site "Bad Sooden-Allendorf"]
[Round "7"]
[Result "1-0"]
[Date "2014.05.02"]
[WhiteElo "1905"]
[BlackElo "1704"]
[PlyCount "127"]
[EventDate "2014.04.26"]
[EventType "swiss"]
[EventRounds "9"]
[EventCountry "GER"]
[SourceTitle "EXT 2018"]
[Source "ChessBase"]
[SourceDate "2017.10.13"]
[SourceVersion "1"]
[SourceVersionDate "2017.10.13"]
[SourceQuality "1"]

1. d4 Nf6 2. Nf3 g6 3. Bf4 Bg7 4. e3 d6 5. Nbd2 0-0 6. Be2 Nbd7 7. c3 a5 8. a4 b6 9. 0-0 Nh5 10. Bg5 Bf6 11. Bxf6 Nhxf6 12. e4 d5 13. e5 Nh5 14. g3 e6 15. h4 h6 16. Nh2 f5 17. Bxh5 gxh5 18. Qxh5 Kg7 19. Kh1 Ba6 20. Rg1 Qe8 21. Qxe8 Raxe8 22. g4 Kh7 23. g5 c5 24. gxh6 Rg8 25. Rg5 Rg6 26. Rag1 Reg8 27. Ndf3 Nf8 28. Rxg6 Rxg6 29. Ng5+ Kxh6 30. Nhf3 Be2 31. Rg3 Bxf3+ 32. Nxf3 f4 33. Rxg6+ Kxg6 34. Kh2 Nh7 35. Kh3 Kh5 36. Nh2 Nf8 37. Ng4 Kg6 38. Nf6 cxd4 39. cxd4 Kf5 40. f3 Ng6 41. h5 Ne7 42. h6 Kg6 43. h7 Kg7 44. Kg4 Nc6 45. Kxf4 Nxd4 46. Nd7 b5 47. axb5 Nxb5 48. Nc5 Nd4 49. Nb7 Kxh7 50. Nxa5 Kg6 51. b4 Nb5 52. Nc6 Kf7 53. Ke3 Ke8 54. Nd4 Nc7 55. f4 Ke7 56. b5 Na8 57. Kd3 Nb6 58. Kc3 Kd7 59. Kb4 Ke7 60. Kc5 Na4+ 61. Kc6 Nb2 62. b6 Nc4 63. Kc7 Ke8 64. b7 1-0

[Event "Hessen-ch Seniors op 10th"]
[White "Aufmwasser, Guenter"]
[Black "Van Vorselen, Theo JM"]
[Site "Bad Sooden-Allendorf"]
[Round "2"]
[Result "0-1"]
[Date "2014.04.27"]
[WhiteElo "1704"]
[BlackElo "1796"]
[PlyCount "68"]
[EventDate "2014.04.26"]
[EventType "swiss"]
[EventRounds "9"]
[EventCountry "GER"]
[SourceTitle "EXT 2018"]
[Source "ChessBase"]
[SourceDate "2017.10.13"]
[SourceVersion "1"]
[SourceVersionDate "2017.10.13"]
[SourceQuality "1"]

1. f4 d5 2. Nf3 Nf6 3. e3 g6 4. b3 Bg7 5. Bb2 0-0 6. Be2 c5 7. 0-0 Nc6 8. c4 dxc4 9. Bxc4 a6 10. Be2 b5 11. Ne5 Bb7 12. Nxc6 Bxc6 13. Bf3 Qd7 14. Na3 Rad8 15. Bxc6 Qxc6 16. Qf3 Qxf3 17. gxf3 Rxd2 18. Rf2 Rfd8 19. Rxd2 Rxd2 20. Bc3 Rd3 21. Bxf6 Bxf6 22. Re1 Rd2 23. e4 Bd4+ 24. Kh1 Rxa2 25. Nb1 Rb2 26. h4 Rxb3 27. Kg2 Rb2+ 28. Kh3 b4 29. e5 e6 30. h5 a5 31. h6 a4 32. f5 a3 33. Kg4 a2 34. Kg5 axb1Q 0-1

[Event "Bad Woerishofen Seniors op 30th"]
[White "Aufmwasser, Guenter"]
[Black "Weber, Gerhard3"]
[Site "Bad Woerishofen"]
[Round "6"]
[Result "1/2-1/2"]
[Date "2014.03.26"]
[WhiteElo "1704"]
[BlackElo "1880"]
[PlyCount "85"]
[EventDate "2014.03.21"]
[EventType "swiss"]
[EventRounds "9"]
[EventCountry "GER"]
[SourceTitle "EXT 2019"]
[Source "ChessBase"]
[SourceDate "2018.10.10"]
[SourceVersion "1"]
[SourceVersionDate "2018.10.10"]
[SourceQuality "1"]

1. f4 g6 2. Nf3 Bg7 3. e3 Nf6 4. Be2 d5 5. 0-0 c5 6. Nc3 Nc6 7. Bb5 0-0 8. Bxc6 bxc6 9. Ne2 Ba6 10. c3 Bd3 11. Ne5 Bxe2 12. Qxe2 Qc7 13. Nf3 c4 14. d4 cxd3 15. Qxd3 Qb6 16. Kh1 Ne4 17. Ne5 Qc7 18. Nf3 a5 19. Nd2 Nc5 20. Qc2 a4 21. e4 e6 22. e5 Rfb8 23. Nf3 Ne4 24. Nd2 Nc5 25. Nf3 Qb6 26. Be3 Qa5 27. Rab1 Bf8 28. Nd4 Qa6 29. h4 Ne4 30. Kh2 c5 31. Nf3 c4 32. Ng5 Bc5 33. Nxe4 Bxe3 34. Nf6+ Kg7 35. h5 a3 36. h6+ Kh8 37. Rf3 Bc5 38. Nd7 Rc8 39. Nxc5 Rxc5 40. bxa3 Qxa3 41. Qb2 Rcc8 42. Qxa3 Rxa3 43. Rf2 1/2-1/2

[Event "Bad Woerishofen Seniors op 30th"]
[White "Aufmwasser, Guenter"]
[Black "Harke, Horst"]
[Site "Bad Woerishofen"]
[Round "4"]
[Result "0-1"]
[Date "2014.03.24"]
[WhiteElo "1704"]
[BlackElo "1877"]
[PlyCount "104"]
[EventDate "2014.03.21"]
[EventType "swiss"]
[EventRounds "9"]
[EventCountry "GER"]
[SourceTitle "EXT 2019"]
[Source "ChessBase"]
[SourceDate "2018.10.10"]
[SourceVersion "1"]
[SourceVersionDate "2018.10.10"]
[SourceQuality "1"]

1. f4 Nf6 2. Nf3 d6 3. e3 c6 4. b3 Bg4 5. Be2 Nbd7 6. Bb2 Bxf3 7. Bxf3 e5 8. 0-0 e4 9. Be2 Qc7 10. c4 d5 11. Ba3 Bxa3 12. Nxa3 Qa5 13. Nc2 c5 14. a3 dxc4 15. b4 cxb4 16. axb4 Qc7 17. Nd4 0-0 18. Rc1 Nb6 19. Nb5 Qd7 20. Nd4 Rac8 21. g4 Nfd5 22. g5 f5 23. b5 c3 24. Qb3 cxd2 25. Rxc8 Rxc8 26. Bd1 Rc3 27. Qa2 Rxe3 28. Bh5 Re1 29. Qxd2 Rxf1+ 30. Kxf1 Nc4 31. Qa2 Nde3+ 32. Kg1 Qxd4 33. Kh1 Qb2 34. Qxb2 Nxb2 35. g6 Nd5 36. gxh7+ Kxh7 37. Bf7 Nxf4 38. h4 g6 39. Kh2 Kg7 40. Be8 Kf6 41. Kg3 Nh5+ 42. Kh3 Nd3 43. Bd7 Ndf4+ 44. Kh2 e3 45. Kg1 b6 46. Bc6 Ke5 47. Bf3 Kd4 48. Kf1 Nf6 49. Ke1 Ne4 50. h5 gxh5 51. Kd1 Nc3+ 52. Ke1 Nxb5 0-1

[Event "Bad Woerishofen Seniors op 30th"]
[White "Klein, Reinhard"]
[Black "Aufmwasser, Guenter"]
[Site "Bad Woerishofen"]
[Round "1"]
[Result "1-0"]
[Date "2014.03.21"]
[WhiteElo "1927"]
[BlackElo "1704"]
[PlyCount "117"]
[EventDate "2014.03.21"]
[EventType "swiss"]
[EventRounds "9"]
[EventCountry "GER"]
[SourceTitle "EXT 2019"]
[Source "ChessBase"]
[SourceDate "2018.10.10"]
[SourceVersion "1"]
[SourceVersionDate "2018.10.10"]
[SourceQuality "1"]

1. d4 Nf6 2. Nf3 g6 3. Nc3 Bg7 4. e4 d6 5. Be2 0-0 6. h3 Nbd7 7. Bf4 Ne8 8. Qd2 Nb6 9. Rd1 Be6 10. d5 Bd7 11. 0-0 e6 12. dxe6 Bxe6 13. b3 a6 14. a4 f6 15. a5 Nd7 16. Nd4 Bf7 17. Bg4 Kh8 18. Ne6 Bxe6 19. Bxe6 Ne5 20. b4 g5 21. Be3 Bh6 22. h4 Qe7 23. Bb3 Qg7 24. f4 gxf4 25. Bxf4 Bxf4 26. Qxf4 Ng6 27. Qg3 Ne7 28. Rf3 f5 29. Qxg7+ Nxg7 30. Rdf1 Nc6 31. Ne2 Rae8 32. Ng3 Nd4 33. Rc3 Nxb3 34. cxb3 f4 35. Rcf3 Ne6 36. Ne2 b6 37. axb6 cxb6 38. Nxf4 Nxf4 39. Rxf4 Rxf4 40. Rxf4 Kg7 41. Kf2 Re5 42. Ke3 Rb5 43. Kd4 a5 44. bxa5 bxa5 45. Rf3 a4 46. bxa4 Rb4+ 47. Kd5 Rxa4 48. g4 h6 49. Rf4 Ra6 50. Ke6 Kh7 51. h5 Kg7 52. Rf7+ Kg8 53. Rd7 Ra4 54. Kd5 Ra5+ 55. Kxd6 Rg5 56. e5 Rxg4 57. e6 Kf8 58. Rd8+ Kg7 59. e7 1-0

[Event "SH-ch Seniors op"]
[White "Aufmwasser, Guenter"]
[Black "Potschka, Dieter"]
[Site "Eckernfoerde"]
[Round "7.26"]
[Result "1/2-1/2"]
[Date "2012.10.05"]
[WhiteElo "1763"]
[BlackElo "1800"]
[PlyCount "94"]
[EventDate "2012.09.29"]
[EventType "swiss"]
[EventRounds "7"]
[EventCountry "GER"]
[SourceTitle "EXT 2022"]
[Source "ChessBase"]
[SourceDate "2021.10.06"]
[SourceVersion "1"]
[SourceVersionDate "2021.10.06"]
[SourceQuality "1"]

1. f4 g6 2. d4 Bg7 3. Nf3 d6 4. e3 Nd7 5. Be2 e6 6. 0-0 c6 7. Qe1 Ngf6 8. c3 Ne4 9. Nbd2 Ndf6 10. Nxe4 Nxe4 11. Bd3 f5 12. Nd2 d5 13. Nf3 Bd7 14. c4 b6 15. b3 0-0 16. cxd5 exd5 17. Ba3 Re8 18. Ne5 Re6 19. Bxe4 dxe4 20. Rd1 Be8 21. Rf2 Qd5 22. Rfd2 Rd8 23. Qe2 Qa5 24. Nc4 Qb5 25. Kf1 Rd5 26. Ne5 Qa5 27. Nc4 Qa6 28. Bc1 Qb7 29. Kf2 a6 30. Ne5 Bf8 31. Rc2 b5 32. Qe1 b4 33. Bd2 a5 34. Nc4 Qa7 35. Nb2 c5 36. Rdc1 cxd4 37. exd4 Qxd4+ 38. Be3 Qf6 39. Kg1 Bb5 40. Nc4 Ba6 41. Ne5 Bd3 42. Rc8 Rd8 43. Rxd8 Qxd8 44. Rd1 Qd5 45. Qf2 Re8 46. Bc1 Qb5 47. h4 Bd6 1/2-1/2

[Event "SH-ch Seniors op"]
[White "Berenstein, Alexander"]
[Black "Aufmwasser, Guenter"]
[Site "Eckernfoerde"]
[Round "1.19"]
[Result "1-0"]
[Date "2012.09.29"]
[WhiteElo "2058"]
[BlackElo "1763"]
[PlyCount "53"]
[EventDate "2012.09.29"]
[EventType "swiss"]
[EventRounds "7"]
[EventCountry "GER"]
[SourceTitle "EXT 2022"]
[Source "ChessBase"]
[SourceDate "2021.10.06"]
[SourceVersion "1"]
[SourceVersionDate "2021.10.06"]
[SourceQuality "1"]

1. d4 Nf6 2. c4 e5 3. d5 Bc5 4. Nc3 a6 5. a3 d6 6. Qc2 0-0 7. h3 e4 8. Bg5 Bf5 9. e3 Nbd7 10. g4 Bg6 11. Bg2 Qe8 12. Bf1 Ne5 13. Bxf6 Nd3+ 14. Ke2 gxf6 15. h4 f5 16. h5 fxg4 17. hxg6 fxg6 18. Rh2 Qe5 19. Rg2 Rae8 20. Nd1 Qh5 21. Kd2 Ne5 22. Kc1 Nf3 23. Nxf3 Rxf3 24. Be2 Qh3 25. Bxf3 exf3 26. Rg3 Qf1 27. Rxg4 1-0

[Event "GER-ch Seniors"]
[White "Aufmwasser, Guenter"]
[Black "Elkendorf, Werner"]
[Site "Dresden"]
[Round "2"]
[Result "0-1"]
[Date "2012.08.10"]
[WhiteElo "1753"]
[BlackElo "1625"]
[PlyCount "107"]
[EventDate "2012.08.09"]
[EventType "swiss"]
[EventRounds "9"]
[EventCountry "GER"]
[SourceTitle "EXT 2014"]
[Source "ChessBase"]
[SourceDate "2013.11.20"]
[SourceVersion "1"]
[SourceVersionDate "2013.11.20"]
[SourceQuality "1"]

1. Nf3 d5 2. b3 Nf6 3. Bb2 e6 4. e3 Bc5 5. d4 Bd6 6. Nbd2 0-0 7. Bd3 h6 8. c4 c6 9. c5 Bc7 10. 0-0 b6 11. b4 bxc5 12. bxc5 Ba5 13. Ne5 Qc7 14. f4 Bxd2 15. Qxd2 Ba6 16. Rab1 Bxd3 17. Qxd3 Ne4 18. g4 Qa5 19. Nc4 Qxa2 20. Na3 Nd7 21. Rfc1 Rab8 22. Ba1 Qf2+ 23. Kh1 Qf3+ 24. Kg1 Qxg4+ 25. Kf1 Qf3+ 26. Ke1 Qf2+ 27. Kd1 Qxh2 28. Qe2 Qg1+ 29. Kc2 Qf2 30. Kd3 Qxe2+ 31. Kxe2 Rxb1 32. Rxb1 Rb8 33. Rxb8+ Nxb8 34. Nb1 a5 35. Kf3 Na6 36. f5 exf5 37. Kf4 g6 38. Ke5 Kf8 39. Nc3 Ke7 40. Na4 f6+ 41. Kf4 h5 42. Nb2 Nb4 43. Na4 Nd3+ 44. Kf3 g5 45. Bc3 g4+ 46. Kg2 Nxc3 47. Nxc3 h4 48. Kh2 Ne1 49. Na4 Nf3+ 50. Kh1 h3 51. e4 fxe4 52. Nc3 Kd8 53. Nxd5 cxd5 54. c6 0-1